000 01281nam a2200253 i 4500
003 DO-SdBNP
005 20250131205119.0
006 a||||fr|||| 00| 0
007 ta
008 240115e1915 dr ||||| m||| 00| 0 spa d
040 _aDO-SdBNP
_bspa
_cBNPHU
_erda
082 4 _222
_bG993e
245 _a¿En qué consiste la inconstitución de la ley que hace obligatorio para los acreedores del Estado Dominicano , el plan de ajuste?:
_baño académico de 1914 a 1915 tesis no. 6 para la Licenciatura /
_cLeonel Guzmán Sánchez
264 1 _aSanto Domingo :
_bEscobar i Cía,
_c1915
300 _a32 páginas ;
_c23 cm
336 _2rdacontent
_atexto
_btxt
337 _2rdamedia
_asin mediación
_bn
338 _2rdacarrier
_avolumen
_bnc
500 _aJurado Examinador: Presidente: Profesor J. B. Peynado. vocales: Profesor Natalio Rondón. Profesor Manuel A. Machado.
500 _aArt. 16 del reglamento interior del Instituto Profesional. En el examen final, el actuante está obligado á responder á todas las preguntas i observaciones del Jurado Examinador que directa é indirectamente se relaciona con su tesis.
590 _aTesis para la Licenciatura de Derecho Civil 1915. Inventariado 2024 / MF
710 2 _aUniversidad de Santo Domingo
_937767
942 _2ddc
_cLF2
999 _c55671
_d55671